| 000 | 01485ctm a22003137a 4500 | ||
|---|---|---|---|
| 999 |
_c7591 _d7591 |
||
| 003 | OSt | ||
| 005 | 20200316162546.0 | ||
| 008 | 020719s2001 nyu|||||||||||||| p|eng | ||
| 040 |
_aDLC _cDLC _eappm |
||
| 082 |
_a720.952 _bROG |
||
| 100 | 1 |
_aRogers, Ronnie, _eauthor. |
|
| 245 | 1 | 0 |
_aEveryone was cool, everyone was chillin' ... _h[manuscript] / _cRonnie Rogers, EHTP. |
| 260 | _c[2001?] | ||
| 300 |
_a1 item (poem) : _bporous point pen. |
||
| 500 | _aPoem by a student in the Hip Hop Activism class at the East Harlem Tutorial Program. | ||
| 500 | _aTitle from item. | ||
| 540 |
_aNo known restrictions on publication. For information, see Exit Art's "Reactions" Exhibition Collection, _uhttp://www.loc.gov/rr/print/res/356_exit.html |
||
| 580 | _aForms part of: Exit Art Gallery Reactions Collection: A Global Response to the 9/11 Attacks. | ||
| 585 | _aExhibited: Witness and Response: September 11 Acquisitions at the Library of Congress, 2002. | ||
| 610 | 2 | 4 |
_aWorld Trade Center (New York, N.Y.) _xDisasters _y2000-2010. |
| 650 | 0 | _aSeptember 11 Terrorist Attacks, 2001. | |
| 655 | 7 |
_aPoems _y2000-2010. _2aat |
|
| 655 | 7 |
_aHolographs _y2000-2010. _2aat |
|
| 655 | 7 |
_aStudent works _y2000-2010. _2gmgpc |
|
| 856 | 4 | 1 |
_3digital file from original _dppmsca _f01683 _uhttp://hdl.loc.gov/loc.pnp/ppmsca.01683 |
| 906 |
_ap _bibc _corignew _du _encip _f20 _gy-printpho |
||
| 942 | _2ddc | ||